Statistics for RuPaul's Drag Race - Snatch Game Winners

Click here to take the quiz!

General Stats

  • This quiz has been taken 681 times
    (419 since last reset)
  • The average score is 18 of 20

Answer Stats

SeasonImpersonation ofWinner% Correct
8both Uzo Aduba & Carol ChanningBob the Drag Queen
96%
4CherChad Michaels
96%
7 (joint winner)AdeleGinger Minj
96%
5Little EdieJinkx Monsoon
96%
6Maggie SmithBenDeLaCreme
94%
All-Stars 3 (joint winner)Paul LyndeBenDeLaCreme
94%
All-Stars 2 (joint winner)BjörkKatya
94%
All-Stars 2 (joint winner)Mae WestAlaska
93%
10Melania TrumpAquaria
93%
12Maria the RobotGigi Goode
93%
13Paris HiltonGottmik
93%
7 (joint winner)Little RichardKennedy Davenport
92%
All-Stars 4: Snatch Game of Love (joint winner)Caitlyn JennerTrinity the Tuck
91%
All-Stars 5: Snatch Game of LoveFlavor FlavShea Couleé
90%
2Britney SpearsTatianna
90%
9Liza MinnelliAlexis Michelle
82%
All-Stars 4: Snatch Game of Love (joint winner)Barbra StreisandManila Luzon
82%
All-Stars 3 (joint winner)Jenifer LewisShangela
81%
11: Snatch Game at SeaTs MadisonSilky Nutmeg Ganache
79%
3Mo'NiqueStacy Layne Matthews
74%

Score Distribution

Percentile by Number Answered

Percent of People with Each Score

Your Score History

You have not taken this quiz since the last reset